000 00300 a2200157 4500
001 59387
020 _a8510020140
040 _cAnchieta - Pituba
100 _aRibeiro, Vanise
240 1 0 _aBrasil
_lpor
245 1 0 _aBrasil
300 _a160
362 0 _a1996
650 4 _aBrasil
942 _cBK
999 _c59387
_d59387